000 00643nam a2200217 i 4500
001 146874
003 ES-MaACL
005 20250804062548.0
007 t|
008 070919s1971 sp ||||1| spa d
080 _a882-4"19"
100 1 _aTrotsky, Leon,
_d1879-1940
_9240350
245 1 0 _aSobre arte y cultura /
_cLeon Trotsky ; [traducción S. Alonso].
260 _aMadrid :
_bAlianza,
_c[1971]
300 _a215 p. ;
_c18 cm.
490 1 _aEl libro de bolsillo ;
_v327
700 1 _aAlonso, S.
_920241
830 0 3 _aEl libro de bolsillo
_v327
_9177802
852 _aES-MaACL
_jC-45988
_bR.78248
999 _c146874
_d146874